Análisis de seguridad vial en el entorno de los principales centros escolares del distrito III de Managua
La investigación presente un análisis de la seguridad vial que se realizó en el entorno de los principales Centros Escolares del Distrito III de Managua, debido al peligro que representa el alto índice de accidentabilidad a la comunidad estudiantil y demás usuarios de la vía; identificando la...
| Main Authors: | , |
|---|---|
| Other Authors: | |
| Format: | Tesis Section = Libro |
| Language: | Undetermined Spanish |
| Published: |
Managua
UNI
2019
|
| Subjects: |
| LEADER | 01388nam a2200253Ia 4500 | ||
|---|---|---|---|
| 008 | 240830s9999 xx 000 0 und d | ||
| 040 | |a BIBLIOTECA-RUPAP Mon 363.1251 M425 | ||
| 041 | |a spa | ||
| 082 | |a Mon 363.1251 M425 | ||
| 100 | 1 | |a Matamoros Cáceres, Iletsi Natalia | |
| 100 | 1 | |b Núñez Ruiz, Erling Alfonso | |
| 245 | 1 | 0 | |a Análisis de seguridad vial en el entorno de los principales centros escolares del distrito III de Managua |
| 260 | |a Managua |b UNI |c 2019 | ||
| 300 | |a 123 p. :il. | ||
| 500 | |a Contiene: anexos y CD. | ||
| 502 | |a Tesis (Ingeniero Civil)- UNI, 2019. | ||
| 520 | 3 | |a La investigación presente un análisis de la seguridad vial que se realizó en el entorno de los principales Centros Escolares del Distrito III de Managua, debido al peligro que representa el alto índice de accidentabilidad a la comunidad estudiantil y demás usuarios de la vía; identificando las zonas con mayor accidentalidad y congestionamiento vial, para examinar la problemática y así determinar específicamente las medidas de seguridad que deben emplearse, aplicando conocimientos en materia de seguridad vial e ingeniería de tránsito. | |
| 650 | 7 | |a SEGURIDAD VIAL | |
| 650 | 7 | |b INGENIERIA DE TRANSITO | |
| 650 | 7 | |c ACCIDENTES DE TRANSITO-NICARAGUA. | |
| 700 | 1 | |a Tutor: |b Bustamante Arteaga, José Fernando | |
| 942 | |c BK |2 ddc | ||
| 991 | |a TESIS | ||
| 999 | |c 15538 | ||